Экология. Экологическая безопасность в техносфере: учебное пособие

Bibliografiske detaljer
Hovedforfatter: Киселева Т. В. Татьяна Владимировна
Andre forfattere: Темлянцев Н. В. Николай Викторович
Summary:К 50-летию кафедры общей экологии и безопасности жизнедеятельности Сибирского государственного индустриального ун-та.
Изложены проблемы экологической безопасности и уровни ее обеспечения, даны понятия техногенного риска и экологического мониторинга. Особое внимание уделено загрязнению окружающей природной среды и прогнозированию последствий этого загрязнения техногенными загрязнителями. Приведены многовариантные задачи для самостоятельного решения. Учебное пособие предназначено для студентов технических направлений и специальностей, может быть использовано для самостоятельной работы.
Sprog:russisk
Udgivet: Москва, Теплотехник, 2012
Fag:
Format: Bog
KOHA link:https://koha.lib.tpu.ru/cgi-bin/koha/opac-detail.pl?biblionumber=229170

MARC

LEADER 00000nam0a2200000 4500
001 229170
005 20231101230925.0
010 |a 9785984571104 
035 |a (RuTPU)RU\TPU\book\249725 
090 |a 229170 
100 |a 20121227d2012 m y0rusy50 ca 
101 0 |a rus 
102 |a RU 
105 |a a j 011zy 
200 1 |a Экология. Экологическая безопасность в техносфере  |e учебное пособие  |f Т. В. Киселева, Н. В. Темлянцев 
210 |a Москва  |c Теплотехник  |d 2012 
215 |a 174 с.  |c ил. 
300 |a К 50-летию кафедры общей экологии и безопасности жизнедеятельности Сибирского государственного индустриального ун-та. 
320 |a Библиогр.: с. 164. 
330 |a Изложены проблемы экологической безопасности и уровни ее обеспечения, даны понятия техногенного риска и экологического мониторинга. Особое внимание уделено загрязнению окружающей природной среды и прогнозированию последствий этого загрязнения техногенными загрязнителями. Приведены многовариантные задачи для самостоятельного решения. Учебное пособие предназначено для студентов технических направлений и специальностей, может быть использовано для самостоятельной работы. 
606 1 |a Экологическая безопасность  |2 stltpush  |3 (RuTPU)RU\TPU\subj\51477  |9 70070 
610 1 |a техносфера 
610 1 |a экология 
610 1 |a окружающая среда 
610 1 |a человек 
610 1 |a техногенные экологические катастрофы 
610 1 |a учебные пособия 
675 |a 504.06(075.8)  |v 3 
700 1 |a Киселева  |b Т. В.  |g Татьяна Владимировна 
701 1 |a Темлянцев  |b Н. В.  |g Николай Викторович 
801 1 |a RU  |b 63413507  |c 20121227 
801 2 |a RU  |b 63413507  |c 20130114  |g RCR 
942 |c BK